Pinacoteca municipal Ignacio Merino : (Registro nro. 47603)

Detalles MARC
000 -LEADER
campo de control de longitud fija 02297cam a22004334i 4500
003 - IDENTIFICADOR DE NÚMERO DE CONTROL
campo de control PE-LiUPU
005 - FECHA Y HORA DE LA ÚLTIMA TRANSACCIÓN
campo de control 20250731183422.0
008 - DATOS DE LONGITUD FIJA--INFORMACIÓN GENERAL
campo de control de longitud fija 150625s r 000 0 d
020 ## - NÚMERO INTERNACIONAL ESTÁNDAR DEL LIBRO
Número Internacional Estándar del Libro 9972726053
035 ## - NÚMERO DE CONTROL DEL SISTEMA
Número de control de sistema (Sirsi) i9789972726057
040 ## - FUENTE DE CATALOGACIÓN
Centro catalogador/agencia de origen PE-LiUPU
Lengua de catalogación spa
Centro/agencia transcriptor PE-LiUPU
Normas de descripción rda
049 ## - FONDOS LOCALES (OCLC)
Biblioteca depositaria PRUA
082 04 - NÚMERO DE LA CLASIFICACIÓN DECIMAL DEWEY
Número de clasificación 708.985
Cutter B92
Número de edición 21
100 1# - ENTRADA PRINCIPAL--NOMBRE DE PERSONA
Nombre de persona Buntix Armagno, Gustavo,
Término indicativo de función/relación autor.
245 10 - MENCIÓN DEL TÍTULO
Título Pinacoteca municipal Ignacio Merino :
Resto del título LXXX aniversario, 1925-2005 /
Mención de responsabilidad, etc. [investigación histórica y textos, Gustavo Buntinx Armango, Luis Eduardo Wuffarden Revilla].
264 #1 - PRODUCCIÓN, PUBLICACIÓN, DISTRIBUCIÓN, FABRICACIÓN Y COPYRIGHT
Producción, publicación, distribución, fabricación y copyright Lima :
Nombre del de productor, editor, distribuidor, fabricante Municipalidad Metropolitana de Lima, Dirección Municipal de Educación y Cultura,
Fecha de producción, publicación, distribución, fabricación o copyright 2005 (Lima : Editora Argentina).
300 ## - DESCRIPCIÓN FÍSICA
Extensión 348 páginas :
Otras características físicas ilustraciones ;
Dimensiones 32 centímetros
336 ## - TIPO DE CONTENIDO
Término de tipo de contenido text
Fuente rdacontent
337 ## - TIPO DE MEDIO
Nombre/término del tipo de medio unmediated
Fuente rdamedia
338 ## - TIPO DE SOPORTE
Nombre/término del tipo de soporte volume
Fuente rdacarrier
505 0# - NOTA DE CONTENIDO CON FORMATO
Nota de contenido con formato Pinacoteca Municipal Ignacio Merino. -Catálogo. -Pintura colonial. -Costumbristas tardíos. -Ignacio Merino. -Otros académicos. -Académicos tardíos. -La Escuela indigenista en Lima y seguidores. -El indigenismo en las provincias. -De los independientes a Fernando de Szyszlo. -Concursos municipales de pintura. -Concursos municipales de grabado. -Retratos de autoridades locales. -Artistas extranjeros. -Colección Ricardo Palma. -Documentos.
526 ## - NOTA DE INFORMACIÓN SOBRE EL PROGRAMA DE ESTUDIO
Nombre del programa Maestría Bim Facility Management (A distancia)
526 ## - NOTA DE INFORMACIÓN SOBRE EL PROGRAMA DE ESTUDIO
Nombre del programa
526 ## - NOTA DE INFORMACIÓN SOBRE EL PROGRAMA DE ESTUDIO
Nombre del programa Educación musical y artes
526 ## - NOTA DE INFORMACIÓN SOBRE EL PROGRAMA DE ESTUDIO
Nombre del programa Educación, especialidad educación física
526 ## - NOTA DE INFORMACIÓN SOBRE EL PROGRAMA DE ESTUDIO
Nombre del programa Arquitectura
596 ## -
-- 1
610 2# - PUNTO DE ACCESO ADICIONAL DE MATERIA--NOMBRE DE ENTIDAD CORPORATIVA
Nombre de entidad corporativa o nombre de jurisdicción como elemento de entrada Pinacoteca Municipal Ignacio Merino (Lima)
Subdivisión de forma Aniversarios, etc.
650 04 - PUNTO DE ACCESO ADICIONAL DE MATERIA--TÉRMINO DE MATERIA
Término de materia o nombre geográfico como elemento de entrada Pintores
Subdivisión geográfica Perú
Subdivisión de forma Exposiciones.
650 04 - PUNTO DE ACCESO ADICIONAL DE MATERIA--TÉRMINO DE MATERIA
Término de materia o nombre geográfico como elemento de entrada Pintura peruana
Subdivisión de forma Catálogos.
650 04 - PUNTO DE ACCESO ADICIONAL DE MATERIA--TÉRMINO DE MATERIA
Término de materia o nombre geográfico como elemento de entrada Pintura peruana
Subdivisión de forma Exposiciones.
700 1# - ENTRADA AGREGADA--NOMBRE PERSONAL
Nombre de persona Wuffarden, Luis Eduardo,
Fechas asociadas al nombre 1954-.
710 2# - ENTRADA AGREGADA--NOMBRE DE ENTIDAD CORPORATIVA
Nombre de entidad corporativa o nombre de jurisdicción como elemento de entrada .Lima. Municipalidad. Dirección Municipal de Educación y Cultura
942 ## - ELEMENTOS DE ENTRADA SECUNDARIOS (KOHA)
Fuente del sistema de clasificación o colocación Clasificación Decimal Dewey
Tipo de ítem Koha
949 ## - PROCESAMIENTO DE INFORMACIÓN LOCAL (OCLC)
a 708.985 B92
w DEWEY
c 1
i 58729
l CCODEBUL1
m BUL
p 35.00
r 0
s Y
t BOOK
u 2015-6-25
x INGENIERIA
z UNKNOWN
0 COMPRA
o .STAFF. Colección General
994 ## -
-- C0
-- PEPRU
999 ## - NÚMEROS DE CONTROL DE SISTEMA (KOHA)
-- DEWEY
-- 58729
-- 2021-11-9
-- 7
-- CCODEBUL1
-- BUL
-- 35.00
-- 0
-- Y
-- BOOK
-- 2015-6-25
-- INGENIERIA
-- UNKNOWN
-- COMPRA
-- .STAFF. Colección General
980 ## - EQUIVALENCIA O REFERENCIA-CRUZADA-MENCIÓN DE SERIE--NOMBRE DE PERSONA/TÍTULO [LOCAL, CANADÁ]
ID del último usuario que modificó el registro 1
Nombre del último usuario que modificó el registro ALBERTO SANCHEZ Responsable de Automatización
Existencias
Visto por última vez Número de inventario Total de préstamos Signatura topográfica completa Código de barras Copia número Coste, precio de reemplazo Fecha de reemplazo Facultad Tipo de ítem Koha Nota pública Estado de pérdida Fuente del sistema de clasificación o colocación Restricciones de uso No para préstamo Colección Programa académico Biblioteca de origen Biblioteca actual Ubicación en estantería Fecha de adquisición Fuente de adquisición Coste, precio normal de compra
2025-12-02 8   708.985 B92 58729 e1 40.00 2015-06-25 FIA Libros físicos inventario-2023-12-13 No Perdido Clasificación Decimal Dewey No restringido Disponible para préstamos Colección General Arquitectura Biblioteca CRAI UPeU Lima Biblioteca CRAI UPeU Lima Estante de Libros Grandes 2015-06-25 COMPRA 35.00